Ratanlal and Dhirajlal's the Indian penal code (act XLV of 1860) with exhaustive notes, comments, case-law references, state amendments along with schedule of classification of offences and forms as prescribed under code of criminal procedure, 1973 (Record no. 488278)

000 -LEADER
fixed length control field 00666cam a22001457a 4500
008 - FIXED-LENGTH DATA ELEMENTS--GENERAL INFORMATION
fixed length control field 180718b1999 xxu||||| |||| 00| 0 eng d
082 ## - DEWEY DECIMAL CLASSIFICATION NUMBER
Classification number G932x54 R15
100 ## - MAIN ENTRY--PERSONAL NAME
Personal name Ranchhoddas, Ratanlal
245 ## - TITLE STATEMENT
Title Ratanlal and Dhirajlal's the Indian penal code (act XLV of 1860) with exhaustive notes, comments, case-law references, state amendments along with schedule of classification of offences and forms as prescribed under code of criminal procedure, 1973
Statement of responsibility, etc. by Ratanlal Ranchhoddas and Dhirajlal Keshavlal Thakore
250 ## - EDITION STATEMENT
Edition statement 28th edition
260 ## - PUBLICATION, DISTRIBUTION, ETC.
Place of publication, distribution, etc. Agra
Name of publisher, distributor, etc. Wadhwa
Date of publication, distribution, etc. 1999
300 ## - PHYSICAL DESCRIPTION
Extent 927+p.
650 ## - SUBJECT ADDED ENTRY--TOPICAL TERM
Topical term or geographic name entry element Criminal law - India
700 ## - ADDED ENTRY--PERSONAL NAME
Personal name Thakore, Dhirajlal Keshavlal
Holdings
Withdrawn status Lost status Damaged status Not for loan Permanent Location Current Location Date acquired Full call number Barcode Date last seen Price effective from Koha item type
        Indian Institute of Public Administration Indian Institute of Public Administration 2018-08-04 G932x54 R15 G19548 2018-08-04 2018-08-04 G

Powered by Koha